[Event "AUTO-OPEN-4648"]
[Site "http://www.queenalice.com/game.php?id=1872013"]
[Date "2026.4.15"]
[Round "1"]
[White "peonaislado"]
[Black "rmvwoods"]
[Result "0-1"]
[WhiteElo "1757"]
[BlackElo "2026"]

1. d4 d5 2. c4 c6 3. Nc3 Nf6 4. e3 e6 5. Nf3 Nbd7 6. Bd3 Bb4 7. O-O O-O 8. Re1
Ne4 9. a3 Nxc3 10. bxc3 Bxc3 11. Bb2 Bxb2 12. Ra2 Bc3 13. Ree2 Ba5 14. a4 Nf6
15. h3 Bd7 16. c5 Bc7 17. Qc2 b6 18. cxb6 axb6 19. h4 h6 20. Qc3 Ne4 21. Bxe4
dxe4 22. Nd2 Qxh4 23. Nf1 Ra5 24. g3 Qh3 25. f4 exf3 26. Rh2 Qg4 27. Rh4 Qg6 28.
e4 Bxg3 0-1

[Event "AUTO-MASTER-3302"]
[Site "http://www.queenalice.com/game.php?id=1872232"]
[Date "2026.4.21"]
[Round "1"]
[White "Guilherme_Ottoni"]
[Black "rmvwoods"]
[Result "1-0"]
[WhiteElo "2260"]
[BlackElo "2061"]

1. d4 d5 2. Nf3 Nf6 3. e3 Bf5 4. c4 e6 5. Qb3 b6 6. Nc3 c6 7. Nh4 Bg4 8. h3 Bh5
9. g4 Bg6 10. Nxg6 fxg6 11. cxd5 cxd5 12. Bb5+ Nbd7 13. f4 Bd6 14. g5 Nh5 15.
Rg1 O-O 16. Bd2 a6 17. Be2 b5 18. Bg4 Qe7 19. Ne4 dxe4 20. Qxe6+ Rf7 21. Qd5 Nb6
22. Qc6 Qc7 23. Rc1 Qxc6 24. Rxc6 Kf8 25. Rxb6 Bc7 26. Rc6 a5 27. a3 Rb8 28. b4
a4 29. Kf2 Rb6 30. Rgc1 Rxc6 31. Rxc6 Nf6 32. gxf6 gxf6 33. Rc5 Bd6 34. Rxb5 f5
35. Bd1 1-0

[Event "AUTO-MASTER-3302"]
[Site "http://www.queenalice.com/game.php?id=1872233"]
[Date "2026.4.21"]
[Round "1"]
[White "rmvwoods"]
[Black "Guilherme_Ottoni"]
[Result "0-1"]
[WhiteElo "2040"]
[BlackElo "2266"]

1. e4 c6 2. d4 d5 3. e5 Bf5 4. Nf3 Bg4 5. h3 Bxf3 6. Qxf3 e6 7. Bd3 Qb6 8. c3
Nd7 9. Nd2 c5 10. b3 Ne7 11. O-O cxd4 12. Bb2 Nxe5 13. Qe2 Nxd3 14. Qxd3 dxc3
15. Bxc3 f6 16. Rfe1 Kf7 17. Bd4 Qd6 18. Rac1 Nc6 19. Bb2 Be7 20. Qe2 e5 21. Qf3
g6 22. Qg3 Rhe8 23. Re3 Rac8 24. Rec3 Qd7 25. a3 Bd6 26. b4 Ne7 27. Qg4 Qxg4 28.
hxg4 Rxc3 29. Rxc3 Rc8 30. Nf1 Rxc3 31. Bxc3 d4 32. Bb2 f5 33. gxf5 Nxf5 34. f3
Ke6 35. Nd2 Kd5 36. Kf2 Ne3 37. Ne4 Nd1+ 0-1

[Event "AUTO-MASTER-3302"]
[Site "http://www.queenalice.com/game.php?id=1872248"]
[Date "2026.4.21"]
[Round "1"]
[White "Pipo712"]
[Black "rmvwoods"]
[Result "1-0"]
[WhiteElo "2089"]
[BlackElo "2065"]

1. d4 d5 2. c4 c6 3. Nf3 Nf6 4. Nc3 dxc4 5. a4 Bf5 6. Ne5 e6 7. f3 c5 8. e4 Bg6
9. Bxc4 Qxd4 10. Qxd4 Nbd7 11. Qd3 1-0

[Event "AUTO-MASTER-3302"]
[Site "http://www.queenalice.com/game.php?id=1872249"]
[Date "2026.4.21"]
[Round "1"]
[White "rmvwoods"]
[Black "Pipo712"]
[Result "0-1"]
[WhiteElo "2031"]
[BlackElo "2103"]

1. e4 c5 2. Nf3 d6 3. Bc4 Nf6 4. d3 a6 5. Ng5 e6 6. O-O Qc7 7. Bf4 Nc6 8. Nd2 b5
9. Bb3 Bb7 10. Re1 Nd4 11. Ndf3 Nxb3 12. axb3 e5 13. Bg3 Be7 14. c3 h6 15. Nh3
g5 16. Nhxg5 hxg5 17. Nxg5 O-O-O 18. Nxf7 Nh5 19. Nxd8 Qxd8 20. b4 cxb4 21. cxb4
Nxg3 22. Qg4+ Kb8 23. Qxg3 Rf8 24. f3 Bh4 25. Qg7 Rg8 26. Qh6 Bxe1 27. Rxe1 Qb6+
28. Kh1 Qd4 29. Qd2 d5 30. Rd1 Rd8 31. h4 dxe4 32. fxe4 Bxe4 33. Qc3 Qxc3 34.
bxc3 Bxd3 35. Kh2 e4 36. g3 e3 37. Kg2 e2 38. Rc1 Rf8 0-1

[Event "AUTO-MASTER-3302"]
[Site "http://www.queenalice.com/game.php?id=1872260"]
[Date "2026.4.21"]
[Round "1"]
[White "rmvwoods"]
[Black "Pin"]
[Result "1-0"]
[WhiteElo "2024"]
[BlackElo "2142"]

1. e4 c5 2. Nf3 d6 3. c3 Nc6 4. d4 cxd4 5. cxd4 Nf6 6. Bd3 e5 7. d5 Ne7 8. O-O
Ng6 9. Bg5 Be7 10. Bxf6 Bxf6 11. Nbd2 O-O 12. Rc1 Nf4 13. Bb1 b6 14. b4 Ba6 15.
Re1 Bd3 16. Re3 Ba6 17. Rec3 Ne2+ 18. Kh1 Nxc1 19. Qxc1 Qd7 20. a4 Qxa4 21. Rb3
Rac8 22. Qb2 Qa1 23. Qxa1 Rc1+ 24. Ng1 1-0

[Event "AUTO-MASTER-3302"]
[Site "http://www.queenalice.com/game.php?id=1872261"]
[Date "2026.4.21"]
[Round "1"]
[White "Pin"]
[Black "rmvwoods"]
[Result "1-0"]
[WhiteElo "2119"]
[BlackElo "2018"]

1. e4 c5 2. Nf3 d6 3. d4 cxd4 4. Qxd4 Nc6 5. Bb5 Bd7 6. Bxc6 bxc6 7. Nc3 Nf6 8.
Bg5 h6 9. Bxf6 exf6 10. O-O Be7 11. Rad1 O-O 12. Rfe1 Bg4 13. h3 Bxf3 14. gxf3
Re8 15. Kg2 Qb6 16. Qxb6 axb6 17. a3 g6 18. Ne2 Rad8 19. Nc1 g5 20. Nb3 c5 21.
Nd2 b5 22. Nf1 Kg7 23. Ne3 Kg6 24. Nd5 Rd7 25. Kg3 Bf8 26. f4 h5 27. f3 Bh6 28.
f5+ Kg7 29. Rd3 Red8 30. Rb3 Rb7 31. c3 c4 32. Rb4 Kf8 33. Nxf6 h4+ 34. Kg4 Ke7
35. Nd5+ Kd7 36. Ra1 Kc6 37. a4 bxa4 38. Rxb7 Kxb7 39. Rxa4 Rc8 40. Rb4+ Ka6 41.
Kh5 Rh8 42. Rb6+ Ka5 43. Kg4 Rd8 44. Rb7 Rf8 45. Rd7 f6 46. Rh7 1-0

[Event "AUTO-MASTER-3304"]
[Site "http://www.queenalice.com/game.php?id=1872719"]
[Date "2026.4.30"]
[Round "1"]
[White "JailtonMaster"]
[Black "rmvwoods"]
[Result "1/2-1/2"]
[WhiteElo "2203"]
[BlackElo "2009"]

1. d4 d5 2. c4 c6 3. Nc3 dxc4 4. e4 b5 5. a3 e6 6. Nf3 Nf6 7. Bg5 Be7 8. e5 Nd5
9. Bxe7 Qxe7 10. Ne4 O-O 11. Nd6 Na6 12. Be2 Nac7 13. O-O Ne8 14. Nxc8 Rxc8 15.
a4 Qb7 16. axb5 cxb5 17. Qc2 Nf4 18. Bd1 Nc7 19. g3 Nd3 20. Be2 Nb4 21. Qd2 Ncd5
22. Ra3 Qb6 23. Rfa1 a6 24. Ne1 Ra8 25. Bf3 f6 26. Bxd5 Nxd5 27. Nc2 fxe5 28.
dxe5 Rf5 29. Qd4 Qc6 30. f4 Rf7 31. Re1 a5 32. Rea1 Rfa7 33. Rd1 b4 34. Raa1 c3
35. bxc3 Qxc3 36. Qe4 a4 37. f5 Nc7 38. Nxb4 exf5 39. Nd5 Qc5+ 40. Qe3 Qxe3+ 41.
Nxe3 g6 42. Rd7 a3 43. Nc4 Nb5 44. e6 Rxd7 45. exd7 Kf8 46. Nxa3 Nxa3 47. Rxa3
Rd8 48. Rd3 Ke7 49. Kf2 Rxd7 50. Re3+ Kf6 51. Kf3 Rd2 52. h4 Rh2 53. Ra3 h6 54.
Ra6+ Kg7 55. Ra7+ Kf6 56. Kf4 Rb2 57. Ra6+ Kg7 58. h5 Rb4+ 59. Ke5 Rb5+ 60. Kf4
g5+ 61. Kf3 Rb3+ 62. Kg2 Rb4 63. Rg6+ Kh7 64. Rf6 Rb5 65. Kf3 Kg7 66. Rg6+ Kh7
67. Rf6 Re5 68. Ra6 f4 69. Ra7+ Kg8 70. gxf4 gxf4 71. Kxf4 Rxh5 72. Kg4 Rb5 73.
Ra8+ Kg7 74. Ra7+ Kg8 1/2-1/2

[Event "AUTO-OPEN-4638"]
[Site "http://www.queenalice.com/game.php?id=1873106"]
[Date "2026.5.8"]
[Round "2"]
[White "rmvwoods"]
[Black "Shizumaru_Hisame"]
[Result "0-1"]
[WhiteElo "2006"]
[BlackElo "2048"]

1. e4 d5 2. exd5 Qxd5 3. Nc3 Qd8 4. Nf3 Bd7 5. d4 e6 6. Bc4 Nc6 7. O-O Bd6 8.
Re1 Qf6 9. Bg5 Qg6 10. Qd2 h6 11. Bh4 Nf6 12. d5 Na5 13. Bd3 Qh5 14. dxe6 fxe6
15. Nb5 Nc6 16. Be2 O-O-O 17. Nxd6+ cxd6 18. Qxd6 Qf7 19. Bg3 Be8 20. Qc5 Ne4
21. Ne5 Nxc5 22. Nxf7 Bxf7 23. c3 Ne4 24. Bf4 e5 25. Bg4+ Kb8 26. Be3 Nd6 27.
Rad1 Bxa2 28. Bf3 e4 29. Be2 Be6 30. Bf4 Kc7 31. Rd2 Ne7 32. Red1 Nc8 33. Be5
Kc6 34. Bxg7 Rh7 35. Bd4 h5 36. b4 h4 37. Be3 h3 38. g3 Rhd7 39. f3 exf3 40.
Bxf3+ Kc7 41. Kf2 Nb5 42. Bf4+ Ncd6 43. Rc1 Kc8 44. Rdc2 Na3 45. Re2 Bf5 46. g4
Bd3 47. Re5 Rh8 48. g5 Nac4 49. Rc5+ Kd8 50. Bg4 Rf7 51. Kg3 Ne4+ 52. Kf3 Nxc5
53. bxc5 Ne5+ 54. Kg3 Nxg4 55. Kxg4 Bf5+ 56. Kg3 Rd7 57. Re1 Rd3+ 58. Be3 Rxc3
59. Kf4 Rf8 60. Kg3 Ke8 61. Kf2 Bd7+ 62. Kg1 Rc2 63. Bd4+ Kf7 64. Bf6 Kg6 65.
Re3 Rxc5 66. Rg3 Re8 67. Kf2 Rc2+ 68. Kf3 Rxh2 69. Kf4 Ra2 70. Rg1 h2 0-1

[Event "AUTO-OPEN-4638"]
[Site "http://www.queenalice.com/game.php?id=1873107"]
[Date "2026.5.8"]
[Round "2"]
[White "Shizumaru_Hisame"]
[Black "rmvwoods"]
[Result "0-1"]
[WhiteElo "2053"]
[BlackElo "1991"]

1. d4 d5 2. Bd2 c5 3. dxc5 e5 4. Bb4 b6 5. Ba3 Bxc5 6. Bxc5 bxc5 7. e4 Nf6 8.
exd5 Qxd5 9. Qxd5 Nxd5 10. Nd2 O-O 11. O-O-O Be6 12. a3 Nd7 13. Ngf3 N5f6 14.
Bb5 Bg4 15. h3 Bxf3 16. Nxf3 e4 17. Bxd7 exf3 18. Bc6 fxg2 19. Bxg2 Rac8 20. Bf1
Ne4 21. Rh2 c4 22. Rd4 Rfe8 23. Bxc4 Rcd8 24. Rxd8 Rxd8 25. h4 Nd2 26. Bd3 Nf3
27. Rh1 h6 28. Kb1 Rd4 29. h5 Ne5 30. Rh3 f6 31. b3 Nxd3 32. cxd3 Rf4 33. f3 Kf7
34. Kc2 g5 35. Kc3 f5 36. d4 g4 37. fxg4 fxg4 38. Rg3 Kf6 39. Kc4 Kg5 40. Kc5
Rf3 41. Rxg4+ Kxg4 42. d5 Rc3+ 43. Kd6 Rxb3 44. Ke6 Re3+ 45. Kd7 Rxa3 46. d6 a5
47. Kc7 a4 48. d7 Rd3 49. d8=Q Rxd8 50. Kxd8 a3 0-1

[Event "AUTO-OPEN-4638"]
[Site "http://www.queenalice.com/game.php?id=1873108"]
[Date "2026.5.8"]
[Round "2"]
[White "rmvwoods"]
[Black "josebaron"]
[Result "0-1"]
[WhiteElo "2006"]
[BlackElo "2175"]

1. e4 e5 2. Nf3 Nc6 3. Nc3 Nf6 4. Bb5 d6 5. O-O Be7 6. d4 exd4 7. Nxd4 Bd7 8.
Nxc6 Bxc6 9. Bxc6+ bxc6 10. b3 O-O 11. Bb2 Re8 12. f3 a5 13. Qd2 Nd7 14. Ne2 Bf6
15. c4 Bxb2 16. Qxb2 Ne5 17. Ng3 g6 18. Rad1 a4 19. Kh1 Qh4 20. Qf2 c5 21. Ne2
Qxf2 22. Rxf2 axb3 23. axb3 Ra2 24. Kg1 Rb2 25. Nc1 Rb1 26. Ra2 Kg7 27. Kf2 h5
28. Ke2 Nc6 29. Kd2 Nb4 30. Ra3 Rb2+ 0-1

[Event "AUTO-OPEN-4638"]
[Site "http://www.queenalice.com/game.php?id=1873109"]
[Date "2026.5.8"]
[Round "2"]
[White "josebaron"]
[Black "rmvwoods"]
[Result "1-0"]
[WhiteElo "2211"]
[BlackElo "1986"]

1. e4 c5 2. Nf3 d6 3. Bb5+ Bd7 4. Bxd7+ Nxd7 5. O-O Ngf6 6. d3 g6 7. Nc3 Bg7 8.
h3 O-O 9. Re1 e6 10. Bg5 Qb6 11. Rb1 Nh5 12. Be3 Rad8 13. a4 f5 14. exf5 exf5
15. Nd5 Qa5 16. b3 Rde8 17. c4 Nhf6 18. Bd2 Qd8 19. Bg5 Rxe1+ 20. Qxe1 Re8 21.
Qd2 Qc8 22. Nc3 a6 23. b4 Ne5 24. Nxe5 cxb4 25. Rxb4 dxe5 26. a5 Nd7 27. Nd5 Kf7
28. Qb2 Nc5 29. Be3 e4 30. d4 Nd7 31. Rxb7 Kg8 32. Rc7 1-0